000 01239nam a22003617a 4500
003 CHAP
005 20220329132948.0
008 971013s1989 r 00010 d
010 _a709
011 _a1681
035 _a857
040 _cCHAP
090 _aTesis
100 0 0 _aRodríguez Rodríguez, Saúl.
_998859
245 _aDiagnóstico del funcionamiento de una empresa de abastecimiento forestal en el estado de Durango
260 _aChapingo, Méx. :
_bEl autor,
_c1989
300 _a129 h.
500 _a37-183
502 _aTesis (Ing. Agr. Esp. en Bosques) -- UACH. División de Ciencias Forestales
590 _aALEPH
_b10
_c20130110
_lUCH01
_h1206
590 _aBATCH-UPD
_b10
_c20130110
_lUCH01
_h0128
590 _aBATCH-UPD
_b10
_c20130110
_lUCH01
_h2303
590 _aBATCH-UPD
_b10
_c20130409
_lUCH01
_h2123
590 _aBATCH-UPD
_b10
_c20130410
_lUCH01
_h1555
590 _aBATCH-UPD
_b10
_c20130914
_lUCH01
_h0703
590 _aCONVERSION
_b10
_c20130109
_lUCH01
_h1302
650 1 4 _aBosques
_xAdministración
_xDurango.
_914014
650 1 4 _aBosques
_xExtracción
_xDurango.
_914181
901 _aBK
942 _cFOLL
949 _bBC
_cTES
_d-10316
_eTS1
_h22731
_i857
_si
949 _bBC
_cTES
_d-69136
_eTS2
_fc.2
_h22732
_i857
_si
999 _c709
_d709